000 00659nam a2200241Ia 4500
003 OSt
005 20221007080115.0
006 a|||||r|||| 00| 0
007 ta
008 221006b |||||||| |||| 00| 0 eng d
020 _a8171943322
024 _a7,563
037 _cTextual
040 _aFLL
_cFLL
_beng
041 _2eng
_aeng
082 _aX72:Z2q, P4
100 _aSinghania K. Vinod Au.
_9694628
245 0 _aDirect taxes law and practice
260 _aNew Delhi
_bTaxman publications (p.) ltd. India
_c2004
300 _a1591p
_ccm.
942 _hX72:Z2q, P4
_cTEXL
_2CC
999 _c1158392
_d1158392